|
|
|
|
| LEADER |
00000nam0a2200000 4500 |
| 001 |
135624 |
| 005 |
20231101220549.0 |
| 035 |
|
|
|a (RuTPU)RU\TPU\book\146981
|
| 090 |
|
|
|a 135624
|
| 100 |
|
|
|a 20080414d1981 m y0gery50 ba
|
| 101 |
1 |
|
|a ger
|c rus
|
| 102 |
|
|
|a RU
|
| 105 |
|
|
|a y z 000zy
|
| 200 |
1 |
|
|a На пути к сверхэлементам
|d Gibt es superschwere Elemente?
|f Г. Н. Флеров, А. С. Ильинов
|
| 210 |
|
|
|a Москва
|a Leipzig
|c Veb Fachbuchverlag
|c Мир
|d 1981
|
| 215 |
|
|
|a 120 с.
|c 35 фотографий
|
| 300 |
|
|
|a На немецком языке
|
| 510 |
1 |
|
|a Gibt es superschwere Elemente?
|z ger
|
| 606 |
1 |
|
|a Трансурановые элементы
|x Химия
|2 stltpush
|3 (RuTPU)RU\TPU\subj\75276
|9 87122
|
| 610 |
1 |
|
|a сверхэлементы
|
| 610 |
1 |
|
|a устойчивость
|
| 610 |
1 |
|
|a атомы
|
| 610 |
1 |
|
|a ионы
|
| 610 |
1 |
|
|a открытие
|
| 610 |
1 |
|
|a немецкий язык
|
| 675 |
|
|
|a 546.798
|v 3
|
| 700 |
|
1 |
|a Флеров
|b Г. Н.
|g Георгий Николаевич
|
| 701 |
|
1 |
|a Ильинов
|b А. С.
|g Александр Сергеевич
|
| 801 |
|
1 |
|a RU
|b 63413507
|c 20080414
|g PSBO
|
| 801 |
|
2 |
|a RU
|b 63413507
|c 20201005
|g PSBO
|
| 942 |
|
|
|c BK
|